[Event "EU-ch Seniors 65 21st"]
[Site "Lublin"]
[Date "2022.07.05"]
[Round "1"]
[White "Neumann, Joachim"]
[Black "Gromowski, Stanislaw"]
[Result "1/2-1/2"]
[WhiteElo "2082"]
[BlackElo "1613"]
[PlyCount "97"]
[EventDate "2022.07.05"]
[EventType "swiss"]
[EventRounds "9"]
[EventCountry "POL"]
[SourceTitle "CBM 209 Extra"]
[Source "ChessBase"]
[SourceDate "2022.09.30"]
[SourceVersion "1"]
[SourceVersionDate "2022.09.30"]
[SourceQuality "1"]

1. c4 Nf6 2. g3 e6 3. Bg2 c6 4. Nf3 Be7 5. 0-0 0-0 6. b3 d6 7. Bb2 Nbd7 8. Nc3 Rb8 9. Rc1 Re8 10. e4 e5 11. d4 exd4 12. Nxd4 Bf8 13. Re1 Ne5 14. h3 Bd7 15. f4 Ng6 16. Qd2 h6 17. Rcd1 Qc8 18. Kh2 a6 19. Nc2 Qc7 20. Ba3 c5 21. Ne3 Bc6 22. Qc2 Rbd8 23. Bb2 Qb8 24. Ncd5 Nxd5 25. Nxd5 Bxd5 26. Rxd5 Ne7 27. Rd2 Nc6 28. Red1 Qc7 29. a3 Rd7 30. e5 Rdd8 31. exd6 Rxd6 32. Rxd6 Bxd6 33. Qd3 Rd8 34. Bxc6 Qxc6 35. Be5 Be7 36. Qe2 Re8 37. Qb2 Bf8 38. Qd2 Qf3 39. Qd3 Qf2+ 40. Kh1 f6 41. Rf1 Qa2 42. Qd5+ Kh8 43. Qd7 Re7 44. Qd8 Kg8 45. Qd5+ Kh7 46. Qd3+ Kh8 47. Qd8 Kg8 48. Qd5+ Rf7 49. Bd6 1/2-1/2

[Event "POL-ch Seniors"]
[Site "Szklarska Poreba"]
[Date "2022.05.17"]
[Round "7"]
[White "Olszowski, Andrzej"]
[Black "Gromowski, Stanislaw"]
[Result "1-0"]
[WhiteElo "1555"]
[BlackElo "1621"]
[PlyCount "83"]
[EventDate "2022.05.13"]
[EventType "swiss"]
[EventRounds "9"]
[EventCountry "POL"]
[SourceTitle "EXT 2024"]
[Source "ChessBase"]
[SourceDate "2023.10.10"]
[SourceVersion "1"]
[SourceVersionDate "2023.10.10"]
[SourceQuality "1"]

1. d4 d5 2. Bf4 Bf5 3. e3 h6 4. Bd3 Bxd3 5. Qxd3 c6 6. Nd2 Nd7 7. Ngf3 e6 8. c3 Ngf6 9. h3 Be7 10. Ne5 Nxe5 11. dxe5 Nd7 12. Nf3 0-0 13. 0-0 Nc5 14. Qc2 Rc8 15. Rfd1 Qb6 16. Qe2 Ne4 17. Rab1 c5 18. Nd2 Nxd2 19. Rxd2 c4 20. Rbd1 Qc7 21. Qg4 Kh7 22. e4 Rcd8 23. exd5 Rxd5 24. Rxd5 exd5 25. Rxd5 Qc6 26. Qd7 Qe6 27. Be3 b6 28. Qxe6 fxe6 29. Rd7 Bg5 30. Bxg5 hxg5 31. Rxa7 Rf5 32. Rb7 Rxe5 33. Rxb6 Kg6 34. Kf1 Kf5 35. Rb4 Rc5 36. a4 Ke4 37. Ke2 Kd5 38. Rb5 Rxb5 39. axb5 Kc5 40. Ke3 Kxb5 41. Kd4 g6 42. g4 1-0

[Event "POL-ch Seniors"]
[Site "Szklarska Poreba"]
[Date "2022.05.14"]
[Round "1"]
[White "Betkowski, Andrzej"]
[Black "Gromowski, Stanislaw"]
[Result "1-0"]
[WhiteElo "2048"]
[BlackElo "1621"]
[PlyCount "67"]
[EventDate "2022.05.13"]
[EventType "swiss"]
[EventRounds "9"]
[EventCountry "POL"]
[SourceTitle "EXT 2024"]
[Source "ChessBase"]
[SourceDate "2023.10.10"]
[SourceVersion "1"]
[SourceVersionDate "2023.10.10"]
[SourceQuality "1"]

1. e4 c5 2. Nc3 e6 3. Nge2 Nc6 4. d4 cxd4 5. Nxd4 Bc5 6. Nb3 Bb4 7. Bd2 d5 8. Qg4 g6 9. 0-0-0 d4 10. Bb5 e5 11. Qg3 Qd6 12. Nd5 Bxd2+ 13. Nxd2 f6 14. Nc4 Qd8 15. Nxe5 Kf8 16. Nxc6 bxc6 17. Bxc6 Be6 18. Bxa8 Qxa8 19. Qd6+ Kf7 20. Qxe6+ Kxe6 21. Nc7+ Kd7 22. Nxa8 Ne7 23. Rxd4+ Kc6 24. Rhd1 Rxa8 25. Rc4+ Kb5 26. b3 Nc8 27. Rd8 Nb6 28. Rxa8 Nxa8 29. Rc8 Nb6 30. Rc7 a5 31. c4+ Kb4 32. Rc6 Nd7 33. Kb2 a4 34. a3+ 1-0